Statistics for Random City Flags

Click here to take the quiz!

General Stats

  • This quiz has been taken 9 times
  • The average score is 8 of 15

Answer Stats

Answer% Correct
Tokyo
100%
Delhi
88%
Bangkok
75%
Moscow
75%
New York City
75%
Osaka
75%
Cairo
63%
Lagos
63%
Manila
63%
Los Angeles
50%
Kinshasa
38%
Sao Paulo
25%
Buenos Aires
13%
Mexico City
13%
Rio de Janeiro
13%

Score Distribution

Percentile by Number Answered

Percent of People with Each Score

Your Score History

You have not taken this quiz